MARC

LEADER 00000nam0a2200000 4500
001 266610
005 20231101234021.0
035 |a (RuTPU)RU\TPU\book\289630 
090 |a 266610 
100 |a 20140711d1982 k y0rusy50 ca 
101 0 |a rus 
102 |a RU 
105 |a y z 001zy 
200 1 |a Гетероциклические азотсодержащие азосоединения  |f В. М. Иванов  |g Академия наук СССР (АН СССР), Институт геохимии и аналитической химии им. В. И. Вернадского (ГЕОХИ РАН) 
210 |a Москва  |c Наука  |d 1982 
215 |a 230 с.  |c ил. 
225 1 |a Аналитические реагенты 
320 |a Библиогр.: с. 192-219. 
320 |a Предметный указатель: с. 220-226. 
606 1 |a Гетероциклические соединения, азотистые  |x Применение в аналитической химии  |2 stltpush  |3 (RuTPU)RU\TPU\subj\73368  |9 86400 
610 1 |a химические реагенты 
610 1 |a химические реактивы 
610 1 |a синтез 
610 1 |a физико-химические свойства 
610 1 |a химические элементы 
610 1 |a фотометрическое определение 
610 1 |a комплексонометрическое титрование 
675 |a 543-412.2  |v 3 
700 1 |a Иванов  |b В. М.  |g Вадим Михайлович 
712 0 2 |a Академия наук СССР (АН СССР)  |b Институт геохимии и аналитической химии им. В. И. Вернадского (ГЕОХИ РАН)  |c (Москва)  |2 stltpush  |3 (RuTPU)RU\TPU\col\11383 
801 1 |a RU  |b 63413507  |c 20140711 
801 2 |a RU  |b 63413507  |c 20151113  |g RCR 
942 |c BK